Geografia con la lettera "H" - Statistics

Statistiche generali
  • Questo quiz è stato fatto 68 volte
  • Il punteggio medio è 12 su 19
Statistiche sulle risposte
Suggerimento Risposta % Corretto
Paese con capitale Port-au-Prince Haiti
96%
Capitale della Finlandia Helsinki
95%
Catena montuosa con le vette più alte al mondo Himalaya
93%
Capitale del Vietnam Hanoi
91%
Stato con capitale Honolulu (USA) Hawaii
91%
Capitale delle Hawaii (USA) Honolulu
89%
Paese con capitale Tegucigalpa Honduras
86%
Città più popolosa del Texas, nota per la NASA (USA) Houston
79%
Fiume che bagna la città di New York (USA) Hudson
71%
Capoluogo della regione Bassa Sassonia (Germania) Hannover
64%
Isola estesa più a nord del Giappone Hokkaidō
57%
Capitale delle Isole Salomone Honiara
46%
Regione amministrativa speciale (Cina) Hong Kong
43%
Capitale dello Zimbabwe Harare
41%
Città più popolosa del Vietnam (Ex capitale) Ho Chi Minh
41%
Isola che ospita Haiti e la Repubblica Dominicana Hispaniola
36%
Capitale del Montana (USA) Helena
25%
Capitale della Pennsylvania (USA) Harrisburg
23%
Capitale del Connecticut (USA) Hartford
21%
Nessun quiz corrispondente trovato
Distribuzione punteggi
Percentuale di utenti per punteggio
Percentile per numero di risposta
I tuoi punteggi nel tempo
Non hai fatto questo quiz